|
|
|
|
| LEADER |
01293nam a22002892aa4500 |
| 001 |
000228974 |
| 003 |
CZ BrMZK |
| 005 |
20090219142459.0 |
| 007 |
ta |
| 008 |
950101s1990 xr f cze d |
| 040 |
|
|
|a BOA001
|b cze
|
| 111 |
2 |
|
|a Strategie trvale udržitelného rozvoje (konference)
|d (1990 :
|c Praha, Česko)
|7 kn20051129002
|
| 245 |
1 |
0 |
|a Strategie trvale udržitelného rozvoje :
|b (sborník z konference) /
|c uspořádali Hana Rambousková, Pavel Trpák
|
| 260 |
|
|
|a Praha :
|b Státní zemědělské nakladatelství,
|c 1990
|
| 300 |
|
|
|a 2 sv.
|
| 490 |
1 |
|
|a Studijní podklady a informace k životnímu prostředí ;
|v 1/1990, 2/1990
|
| 504 |
|
|
|a Obsahuje bibliografie
|
| 505 |
0 |
|
|a díl 1. 129 s. -- Díl 2. 115 s.
|
| 700 |
1 |
|
|a Rambousková, Hana
|7 jk01102020
|4 edr
|
| 700 |
1 |
|
|a Trpák, Pavel,
|d 1942-
|7 xx0009458
|4 edt
|
| 830 |
|
0 |
|a Studijní podklady a informace k životnímu prostředí
|
| 910 |
|
|
|a BOA001
|b 2-0958.328
|s 1-2
|
| 920 |
|
|
|a 000234246
|
| 964 |
|
|
|a Prostředí životní - rozvoj - nástroje ekonomické - sborníky
|
| 990 |
|
|
|a BK
|
| 996 |
7 |
|
|b 2619818615
|c 2-0958.328
|d Díl 2.
|v 2
|l MZK
|r Sklad / do 1 hodiny
|n 9
|w 000228974
|u 000020
|a 1
|e BOA001
|j MZK50
|s A
|
| 996 |
7 |
|
|b 2619909301
|c 2-0958.328
|d Díl 1.
|v 1
|l MZK
|r Sklad / do 1 hodiny
|n 17
|w 000228974
|u 000010
|a 1
|e BOA001
|j MZK50
|s A
|